000 00212nam a22000857a 4500
008 170127b xxu||||| |||| 00| 0 eng d
100 _92587
_aVijaya.SR.
245 _aGeneral Knowledge-3
260 _aNew Delhi
_bGBP
_c2011
999 _c5714
_d5714